| 000 | 00903cam a2200265 a 4500 | ||
|---|---|---|---|
| 001 | 000001717 | ||
| 005 | 20260417113309.0 | ||
| 008 | 801110s1999 mx b 001 0 spa | ||
| 020 | _a9684034253 : | ||
| 020 | _a0802771653 (pbk.) | ||
| 040 |
_aDO-SdBNP _cDLC _dDLC |
||
| 041 | 1 | 7 |
_aspa _beng _2Código de idioma MARC |
| 082 |
_a649.1 _bC641f |
||
| 100 | 1 |
_aCline, Victor B. _95585 |
|
| 240 | 1 | 0 |
_aHow to make your child a winner _lEspañol |
| 245 | 1 | 0 |
_aFormar hijos exitosos / _cVictor B. Cline ; traducido, Lourdews Martínez de Darán. |
| 260 |
_aMéxico : _bSelector, _c1999. |
||
| 300 |
_a185 p. ; _c19 cm. |
||
| 534 |
_aTítulo original: _tHow to make your child a winner |
||
| 650 | 0 |
_aCrianza de niños _94212 |
|
| 650 | 4 |
_aÉxito en niños _95586 |
|
| 650 | 0 |
_aÉxito en la adolescencia _95587 |
|
| 700 | 1 |
_aMartínez de Darán, Lourdes _etr. _95588 |
|
| 910 | _aCatalogación por copia / LC | ||
| 999 |
_c1595 _d1595 |
||